| Tag |
First Indicator |
Second Indicator |
Subfields |
| LEADER |
00000cam a22000008i 4500 |
| 001 |
in00000030612 |
| 005 |
20151007061650.0 |
| 008 |
800102s1980 nyua b 00110 eng |
| 010 |
|
|
|a 79027624
|
| 020 |
|
|
|a 038709864X
|
| 020 |
|
|
|a 354009864X
|
| 035 |
|
|
|a (OCoLC)05941724
|
| 035 |
|
|
|9 AAD2710AM
|
| 040 |
|
|
|a DLC
|c DLC
|d TXA
|d UtOrBLW
|
| 049 |
|
|
|a TXAM
|c [1192080]
|
| 050 |
0 |
0 |
|a QE462.L48
|b G86
|
| 082 |
0 |
|
|a 549/.68
|
| 100 |
1 |
|
|a Gupta, Alok K.,
|d 1942-
|
| 245 |
1 |
0 |
|a Petrology and genesis of leucite-bearing rocks /
|c Alok K. Gupta, Kenzo Yagi.
|
| 263 |
|
|
|a 8002
|
| 264 |
|
1 |
|a Berlin
|a New York :
|b Springer-Verlag,
|c 1980.
|
| 300 |
|
|
|a xiv, 252 pages :
|b illustrations ;
|c 24 cm.
|
| 336 |
|
|
|a text
|b txt
|2 rdacontent
|
| 337 |
|
|
|a unmediated
|b n
|2 rdamedia
|
| 338 |
|
|
|a volume
|b nc
|2 rdacarrier
|
| 490 |
1 |
|
|a Minerals and rocks ;
|v v. 14
|
| 500 |
|
|
|a Includes index.
|
| 504 |
|
|
|a Bibliography: pages [229]-244.
|
| 650 |
|
0 |
|a Leucite.
|
| 650 |
|
0 |
|a Petrology.
|
| 700 |
1 |
|
|a Yagi, Kenzō,
|d 1914-2008.
|
| 830 |
|
0 |
|a Minerals and rocks ;
|v 14.
|
| 999 |
|
|
|a MARS
|
| 999 |
f |
f |
|s 9cc5067c-dbfe-3370-8729-7e8a71684cb1
|i c6044f86-110c-320f-8679-e2ee8a507af7
|t 0
|
| 952 |
f |
f |
|p ric
|a Texas A&M University
|b Rellis Campus
|c Joint Library Facility
|d Remote Storage
|t 0
|e QE462.L48 G86
|h Library of Congress classification
|i unmediated -- volume
|m A14804789085
|
| 998 |
f |
f |
|a QE462.L48 G86
|t 0
|l Remote Storage
|